« Retourner aux résultats de recherche
Jour du trognon de pomme
| Auteur principal: | Sandrine Beau Auteur du texte |
|---|---|
| D'autres auteurs: | Eglantine Ceulemans Auteur du texte |
| Support: | Livres |
| Langue: | Francais |
| Publié: |
2019 Magnard jeunesse Paris |
| Series: |
Lasco de la grotte |
| Genre: |
Roman enfant |
| Sujets: | |
| Étiquettes: |
Ajouter
Pas de Tags !
|
| LEADER | 00659nam0a2200205 450 | ||
|---|---|---|---|
| 001 | 16831885 | ||
| 010 | |a 978-2-210-96676-5 |b br. |d 5,6 | ||
| 100 | |a 20190308d2019 u u0frey01 ba | ||
| 101 | 0 | |a fre | |
| 102 | |a FR | ||
| 200 | 0 | |a Jour du trognon de pomme | |
| 207 | 1 | |a | |
| 210 | |a Paris |c Magnard jeunesse |d 2019 | ||
| 215 | |a 1 vol. (32 p.) |d 20 cm | ||
| 461 | 0 | |t Lasco de la grotte |v 7 | |
| 700 | 0 | |a Beau |b Sandrine |c Auteur du texte |4 70 | |
| 702 | 0 | |a Ceulemans |b Eglantine |c Auteur du texte |f 1989-.... |4 70 | |
| 900 | |a Roman enfant | ||
| 901 | |a Accessible au prêt | ||
| 995 | |a Bibliothèque |c Bibliothèque |f 024019913 |h 024019913 |k E C2 BEA |o p |q j |r az |e Bibliothèque | ||
